000 00629nam a22002177a 4500
003 UA-OsUOA
001 102557
007 ta
008 20130923b un ||||| |||| 00| 0 ukr d
100 _aКарман Р.
090 _a82
_bК24
942 _cSA
040 _aUA-OsUOA
_bukr
_cUA-OsUOA
_dUA-OsUOA
245 _aПедагогічні погляди Г.С. Сковороди
300 _aС.33-36
955 _a0
041 _aukr
080 _a82
773 0 _w102555
_tУкраїнська мова та література
_dК.
_d2013
_g18
650 7 _a82 Література. Літературознавство
_2UDC
999 _c388758
_d388758